Lecciones sobre historia de la filosofía III / (Registro nro. 4932)

Detalles MARC
000 -LEADER
fixed length control field 01099nam a2200241Ia 4500
003 - CONTROL NUMBER IDENTIFIER
control field OSt
005 - DATE AND TIME OF LATEST TRANSACTION
control field 20200402113228.0
008 - FIXED-LENGTH DATA ELEMENTS--GENERAL INFORMATION
fixed length control field 191128s1955 mx gr 001 0 spa d
020 ## - INTERNATIONAL STANDARD BOOK NUMBER
International Standard Book Number 9580600511
040 ## - CATALOGING SOURCE
Original cataloging agency CO-JMCR
Transcribing agency CO-JMCR
041 0# - LANGUAGE CODE
Language code of text/sound track or separate title spa
082 04 - DEWEY DECIMAL CLASSIFICATION NUMBER
Classification number 109 /
Item number H23l
100 1# - MAIN ENTRY--PERSONAL NAME
Personal name Hegel, Georg Wilhelm Friedrich,
Relator term autor
9 (RLIN) 2368
245 10 - TITLE STATEMENT
Title Lecciones sobre historia de la filosofía III /
Statement of responsibility, etc. Georg Wilhelm Friedrich Hegel
250 ## - EDITION STATEMENT
Edition statement Primera edición
260 ## - PUBLICATION, DISTRIBUTION, ETC.
Place of publication, distribution, etc. México :
Name of publisher, distributor, etc. Fondo de Cultura Económica,
Date of publication, distribution, etc. 1955
300 ## - PHYSICAL DESCRIPTION
Extent 534 páginas ;
Dimensions 21 cm.
490 0# - SERIES STATEMENT
Series statement Sección de obras de filosofía
505 ## - FORMATTED CONTENTS NOTE
Formatted contents note Los neoplatonicos -- La filosofía de la edad media -- La filosofía de los árabes -- La filosofía escolástica -- El renacimiento de las ciencias -- La filosofía moderna
520 ## - SUMMARY, ETC.
Summary, etc. En este último tomo de las lecciones sobre la historia de la filosofía se concentra en el final de la filosofía griega, que unida a la revolución operada en el mundo por el cristianismo abre una época totalmente nueva.
650 14 - SUBJECT ADDED ENTRY--TOPICAL TERM
Topical term or geographic name entry element Filosofía
General subdivision Historia
9 (RLIN) 2422
942 ## - ADDED ENTRY ELEMENTS (KOHA)
Source of classification or shelving scheme Dewey Decimal Classification
Koha item type Books
Existencias
Withdrawn status Lost status Source of classification or shelving scheme Materials specified (bound volume or other part) Damaged status Not for loan Home library Current library Shelving location Date acquired Source of acquisition Cost, normal purchase price Total Checkouts Total Renewals Full call number Barcode Date last seen Date last checked out Copy number Price effective from Koha item type
    Dewey Decimal Classification Donación--15/04/2018--     Biblioteca Pública José María del Castillo y Rada Biblioteca Pública José María del Castillo y Rada General Stacks 11/28/2019 Donación 0.00 3 2 109 / H23l 430001022 05/16/2024 12/06/2023 V.3 / Ej.1 11/28/2019 Books